Statistiques concernant Paroles Impossible - James Arthur

Cliquez ici pour prendre le quiz!

Statistiques générales

  • Ce quiz a été pris 129 fois
  • Le résultat moyen est 216 sur 284

Statistiques - réponses

HintRéponse% Correct
| .I
100%
so
98%
me
96%
remember
96%
to
96%
ago
94%
years
94%
should
93%
impossible
91%
Impossible
91%
Someone
91%
and
89%
And
89%
did
88%
take
88%
the
88%
told
88%
is
84%
it
84%
now
83%
you
83%
You
83%
not
82%
All
80%
all
80%
know
80%
tell
80%
Tell
80%
was
80%
my
79%
My
79%
say
79%
we
79%
When
79%
when
79%
love
78%
nothing
78%
be
77%
On
77%
on
77%
broken
76%
Broken
76%
comes
76%
go
76%
skyline
76%
are
74%
heart
74%
them
74%
mistake
73%
wear
72%
would
72%
happy
71%
for
70%
from
70%
illusion
70%
open
70%
strong
70%
were
70%
Caution
67%
gone
67%
rooftops
67%
there
64%
can
63%
had
62%
Shout
61%
scars
60%
Write
60%
done
59%
forgot
59%
what
54%
careless
53%
have
51%
effortlessly
49%
need
46%
ahead
44%
hoped
43%
your
43%
won
41%
Falling
37%
hard
37%
of
37%
will
37%
Empty
36%
out
34%
promises
34%
if
32%
own
32%
thinking
32%
embarrassing
31%
betrayal
30%
trust
30%
with
30%
hearts
29%
Building
28%
worse
28%
you're
26%
faith
21%
words
21%

Distribution des résultats

Percentile par nombre de réponses

% des personnes avec chaque résultat

Votre développement - résultats

Vous n’avez pas pris ce quiz